[Event "Titled Tuesday intern op 16th Apr Early"]
[Site "Chess.com INT"]
[Date "2024.04.16"]
[Round "9"]
[White "Smietanska, Wiktoria"]
[Black "Guzman Lozano, Campo Elias"]
[Result "1-0"]
[WhiteElo "2132"]
[BlackElo "1902"]
[PlyCount "39"]
[EventDate "2024.04.16"]
[EventType "swiss (blitz)"]
[EventRounds "11"]
[EventCountry "USA"]
[SourceTitle "CB17_2024"]
[SourceDate "2024.04.24"]
[SourceVersion "1"]
[SourceVersionDate "2024.04.24"]
[SourceQuality "1"]

1. c4 e6 2. Nc3 c6 3. e4 d5 4. cxd5 cxd5 5. exd5 exd5 6. d4 Nf6 7. Bg5 Be7 8. Bd3 0-0 9. h3 Nc6 10. Nf3 Ne4 11. Bxe7 Nxc3 12. Bxh7+ Kxh7 13. Qc2+ Ne4 14. Bxd8 Rxd8 15. Ng5+ Kg8 16. Nxe4 Bf5 17. Nf6+ gxf6 18. Qxf5 Nxd4 19. Qg4+ Kf8 20. Qxd4 1-0

[Event "Titled Tuesday intern op 16th Apr Early"]
[Site "Chess.com INT"]
[Date "2024.04.16"]
[Round "11"]
[White "Smietanska, Wiktoria"]
[Black "Nasir, Zehn"]
[Result "0-1"]
[WhiteElo "2132"]
[BlackElo "2057"]
[PlyCount "38"]
[EventDate "2024.04.16"]
[EventType "swiss (blitz)"]
[EventRounds "11"]
[EventCountry "USA"]
[SourceTitle "CB17_2024"]
[SourceDate "2024.04.24"]
[SourceVersion "1"]
[SourceVersionDate "2024.04.24"]
[SourceQuality "1"]

1. c4 f5 2. Nc3 Nf6 3. g3 e5 4. Bg2 Nc6 5. Nf3 Be7 6. d4 e4 7. Nh4 d5 8. cxd5 Nxd5 9. e3 0-0 10. Bd2 Be6 11. Bf1 Bxh4 12. gxh4 Qxh4 13. Bc4 Ncb4 14. Qb3 c6 15. Ne2 b5 16. Bxb4 bxc4 17. Qxc4 Nf4 18. Qxc6 Bd5 19. Qc5 Nd3+ 0-1

[Event "Titled Tuesday intern op 16th Apr Early"]
[Site "Chess.com INT"]
[Date "2024.04.16"]
[Round "2"]
[White "Smietanska, Wiktoria"]
[Black "Reyes Zavaleta, Fabian Ricardo"]
[Result "1-0"]
[WhiteElo "2132"]
[BlackElo "2092"]
[PlyCount "21"]
[EventDate "2024.04.16"]
[EventType "swiss (blitz)"]
[EventRounds "11"]
[EventCountry "USA"]
[SourceTitle "CB17_2024"]
[SourceDate "2024.04.24"]
[SourceVersion "1"]
[SourceVersionDate "2024.04.24"]
[SourceQuality "1"]

1. c4 Nf6 2. Nc3 c5 3. Nf3 d5 4. cxd5 Nxd5 5. d4 cxd4 6. Qxd4 e6 7. Nxd5 exd5 8. Bd2 Nc6 9. Qd3 Be7 10. g3 0-0 11. Bg2 1-0

[Event "Titled Tuesday intern op 16th Apr Early"]
[Site "Chess.com INT"]
[Date "2024.04.16"]
[Round "4"]
[White "Zavgorodniy, Sergiy"]
[Black "Smietanska, Wiktoria"]
[Result "1-0"]
[WhiteElo "2379"]
[BlackElo "2132"]
[PlyCount "97"]
[EventDate "2024.04.16"]
[EventType "swiss (blitz)"]
[EventRounds "11"]
[EventCountry "USA"]
[SourceTitle "CB17_2024"]
[SourceDate "2024.04.24"]
[SourceVersion "1"]
[SourceVersionDate "2024.04.24"]
[SourceQuality "1"]

1. d4 Nf6 2. c4 g6 3. Nc3 Bg7 4. e4 d6 5. Be2 0-0 6. Nf3 e5 7. 0-0 Nc6 8. d5 Ne7 9. Ne1 Ne8 10. Be3 f5 11. f3 f4 12. Bf2 Nf6 13. c5 g5 14. a4 Ng6 15. a5 h5 16. cxd6 cxd6 17. Nb5 g4 18. Bxa7 g3 19. Bb6 Qe7 20. Nc7 Rb8 21. Ne6 Bxe6 22. dxe6 Nh7 23. Kh1 Qh4 24. Bg1 Ng5 25. Nd3 Nxe6 26. Re1 Nd4 27. Bf1 gxh2 28. Bf2 Qg5 29. Kxh2 Rfc8 30. Rc1 Nh4 31. Nb4 Rxc1 32. Qxc1 Nhxf3+ 33. gxf3 Nxf3+ 34. Kh1 Nxe1 35. Bxe1 Qg6 36. Qc4+ Kh8 37. Nd5 Qg4 38. Qd3 Rg8 39. Bh3 Qg6 40. Bf2 Bf8 41. Qf3 Kh7 42. Kh2 Kh6 43. Bf5 Qg5 44. b4 h4 45. b5 Be7 46. a6 bxa6 47. bxa6 Rc8 48. a7 Bf8 49. Nb6 1-0

[Event "Worclaw Kurtyka Memorial"]
[Site "Wroclaw"]
[Date "2023.12.17"]
[Round "2"]
[White "Jarocka, Liwia"]
[Black "Smietanska, Wiktoria"]
[Result "1-0"]
[WhiteElo "2169"]
[BlackElo "1901"]
[PlyCount "141"]
[EventDate "2023.12.17"]
[EventType "swiss"]
[EventRounds "5"]
[EventCountry "POL"]
[SourceTitle "CB52_2023"]
[SourceDate "2023.12.27"]
[SourceVersion "1"]
[SourceVersionDate "2023.12.27"]
[SourceQuality "1"]

1. e4 c5 2. Nf3 d6 3. d4 cxd4 4. Nxd4 Nf6 5. f3 Nc6 6. c4 g6 7. Be3 Bg7 8. Nc3 0-0 9. Be2 Nxd4 10. Qxd4 Ng4 11. Qd2 Nxe3 12. Qxe3 Be6 13. 0-0 Rc8 14. Nd5 Bxd5 15. exd5 Qa5 16. Kh1 Rc7 17. Rfb1 Qc5 18. Qxc5 Rxc5 19. a3 b5 20. b4 Rc7 21. Ra2 bxc4 22. Rc2 c3 23. a4 Rb8 24. b5 Rc5 25. Rd1 Kf8 26. g3 g5 27. Kg2 Be5 28. h4 h6 29. hxg5 hxg5 30. Rd3 Rb6 31. f4 gxf4 32. gxf4 Bf6 33. Rd1 Ke8 34. Kf3 Kd7 35. Ke4 e6 36. f5 exf5+ 37. Kxf5 Be5 38. Ke4 Rb8 39. Rf1 Ke7 40. Rh1 Rg8 41. a5 Rb8 42. Rh7 Rcxb5 43. Bxb5 Rxb5 44. Rf2 Bf6 45. Rh6 Be5 46. Rh7 Bf6 47. Rh6 Bg7 48. Rh7 Kf8 49. Rg2 Be5 50. Rf2 Rb7 51. Kd3 Bg7 52. Rg2 f5 53. a6 Rf7 54. Rh3 f4 55. Rf3 Be5 56. Rg1 Rc7 57. Rb1 c2 58. Rc1 Rc3+ 59. Ke2 Rc5 60. Rb3 Ra5 61. Rb8+ Kg7 62. Rb7+ Kg6 63. Rxa7 Ra2 64. Ra8 Bd4 65. Kd3 Bc5 66. Rxc2 Ra4 67. Ke2 Ra3 68. Rxc5 dxc5 69. d6 f3+ 70. Kf2 Kf7 71. d7 1-0

[Event "Wch U14 Girls"]
[Site "Montesilvano"]
[Date "2023.11.17"]
[Round "5"]
[White "Orazalina, Nursulu"]
[Black "Smietanska, Wiktoria"]
[Result "1/2-1/2"]
[WhiteElo "1428"]
[BlackElo "2009"]
[PlyCount "125"]
[EventDate "2023.11.13"]
[EventType "swiss"]
[EventRounds "11"]
[EventCountry "ITA"]
[SourceTitle "CB48_2023"]
[SourceDate "2023.11.29"]
[SourceVersion "1"]
[SourceVersionDate "2023.11.29"]
[SourceQuality "1"]

1. e4 c5 2. Nf3 d6 3. d4 cxd4 4. Nxd4 Nf6 5. Nc3 a6 6. f3 e5 7. Nb3 Be6 8. Be3 h5 9. Be2 Nbd7 10. Qd2 Rc8 11. 0-0-0 Be7 12. Kb1 b5 13. Nd5 Nxd5 14. exd5 Bf5 15. Bd3 Bxd3 16. Qxd3 Nb6 17. Na5 Qc7 18. Bxb6 Qxb6 19. Nc6 Bf6 20. Qf5 Rc7 21. f4 exf4 22. Rhe1+ Kf8 23. Qxf4 Qc5 24. Re2 Rc8 25. Qf3 Rh6 26. Rde1 g5 27. Qd3 Kg7 28. Rf1 Rg6 29. Ref2 Re8 30. Rf5 Qe3 31. Qxe3 Rxe3 32. R5f2 h4 33. Nb8 Re7 34. Nxa6 Be5 35. h3 Bg3 36. Rd2 Rf6 37. Rg1 Be1 38. Rd1 Bf2 39. Rh1 Re2 40. Nb4 Bg3 41. Rdg1 Rff2 42. b3 Rxg2 43. Rxg2 Rxg2 44. a4 bxa4 45. bxa4 Bf2 46. a5 Rg1+ 47. Rxg1 Bxg1 48. Nd3 g4 49. Nf4 gxh3 50. Nxh3 Be3 51. c4 Kf6 52. Kc2 Kf5 53. Kd3 Ba7 54. Ke2 Kg4 55. Nf2+ Kg3 56. Ne4+ Kf4 57. Nxd6 h3 58. Kf1 Kf3 59. Nxf7 h2 60. Ng5+ Kg3 61. Ne4+ Kf3 62. Ng5+ Kg3 63. Ne4+ 1/2-1/2

[Event "Wch U14 Girls"]
[Site "Montesilvano"]
[Date "2023.11.16"]
[Round "4"]
[White "Smietanska, Wiktoria"]
[Black "Sivashankar, Samyukta"]
[Result "1-0"]
[WhiteElo "2009"]
[BlackElo "1348"]
[PlyCount "71"]
[EventDate "2023.11.13"]
[EventType "swiss"]
[EventRounds "11"]
[EventCountry "ITA"]
[SourceTitle "CB48_2023"]
[SourceDate "2023.11.29"]
[SourceVersion "1"]
[SourceVersionDate "2023.11.29"]
[SourceQuality "1"]

1. c4 e6 2. Nc3 d5 3. d4 Nf6 4. cxd5 exd5 5. Bg5 Be7 6. e3 0-0 7. Bd3 h6 8. Bh4 c5 9. dxc5 Bxc5 10. Nge2 Qb6 11. Rb1 Nbd7 12. 0-0 a6 13. Qc2 Bd6 14. Rbc1 Qb4 15. Nd4 Be5 16. Nf3 d4 17. Bxf6 Bxf6 18. Nd5 Qa5 19. Nxf6+ Nxf6 20. exd4 Qxa2 21. Bc4 Qa5 22. Qb3 Bf5 23. Ne5 Ne4 24. Bxf7+ Kh7 25. Qf3 Rxf7 26. Nxf7 Nd2 27. Qxb7 Be4 28. Qe7 Qd5 29. Rfd1 Qxd4 30. Rxd2 Qxd2 31. Qxe4+ Kg8 32. Qxa8+ Kxf7 33. Qf3+ Kg8 34. Rc8+ Kh7 35. Qf5+ g6 36. Qf7# 1-0

[Event "POL-chT 1st League"]
[Site "Leba"]
[Date "2023.09.24"]
[Round "2.10"]
[White "Smietanska, Wiktoria"]
[Black "Rykala, Monika"]
[Result "1/2-1/2"]
[WhiteElo "2071"]
[BlackElo "1896"]
[PlyCount "82"]
[EventDate "2023.09.23"]
[EventType "team-swiss"]
[EventRounds "9"]
[EventCountry "POL"]
[SourceTitle "EXT 2024"]
[Source "ChessBase"]
[SourceDate "2023.10.10"]
[SourceVersion "1"]
[SourceVersionDate "2023.10.10"]
[SourceQuality "1"]
[WhiteTeam "Wroclaw Polonia"]
[BlackTeam "Bydgoszcz Hetman"]
[WhiteTeamCountry "POL"]
[BlackTeamCountry "POL"]

1. e4 c5 2. Nf3 Nc6 3. d4 cxd4 4. Nxd4 Nf6 5. Nc3 e5 6. Ndb5 d6 7. Bg5 a6 8. Na3 b5 9. Nd5 Be7 10. Bxf6 Bxf6 11. c3 Bg5 12. g3 h5 13. h4 Bh6 14. Nc2 Ne7 15. Be2 g6 16. Nce3 Bxe3 17. Nxe3 Bb7 18. Bf3 Ng8 19. Qd3 Nf6 20. Rd1 Ke7 21. 0-0 Qb6 22. Bg2 Rhd8 23. Kh1 Qc6 24. Nd5+ Nxd5 25. exd5 Qc4 26. Qe3 f5 27. Qh6 Kf6 28. a3 Rac8 29. Rfe1 Rh8 30. Qg5+ Kf7 31. Rd4 Qc7 32. Rd2 Qd8 33. Qe3 Rc5 34. Red1 Qf6 35. Kg1 Rhc8 36. Qh6 Qg7 37. Qg5 Qf6 38. Qh6 Qg7 39. Qg5 Qf6 40. Qh6 Rc4 41. Bf1 R4c5 1/2-1/2

[Event "Titled Tuesday intern op 12th Sep Early"]
[Site "Chess.com INT"]
[Date "2023.09.12"]
[Round "4"]
[White "Smietanska, Wiktoria"]
[Black "Swicarz, Maciej"]
[Result "0-1"]
[WhiteElo "2071"]
[BlackElo "2261"]
[PlyCount "156"]
[EventDate "2023.09.12"]
[EventType "swiss (blitz)"]
[EventRounds "11"]
[EventCountry "USA"]
[SourceTitle "EXT 2024"]
[Source "ChessBase"]
[SourceDate "2023.10.10"]
[SourceVersion "1"]
[SourceVersionDate "2023.10.10"]
[SourceQuality "1"]

1. c4 Nf6 2. Nc3 d5 3. cxd5 Nxd5 4. g3 e5 5. Bg2 Nb6 6. Nf3 Nc6 7. d3 Be7 8. 0-0 0-0 9. Be3 Re8 10. Rc1 Bf8 11. a3 h6 12. b4 a6 13. Qb3 Be6 14. Qb2 Qd7 15. Ne4 Na4 16. Qc2 Nb6 17. Qb2 f6 18. Nc5 Bxc5 19. bxc5 Nd5 20. Bd2 Rab8 21. Nh4 Bh3 22. Qb3 Bxg2 23. Nxg2 Nd4 24. Qd1 Qg4 25. Re1 b5 26. Ne3 Nxe3 27. Bxe3 Nf5 28. Bd2 c6 29. Qb3+ Kh7 30. e3 Rbd8 31. Red1 Qe2 32. Be1 Rd5 33. Qc2 Qxc2 34. Rxc2 Rd7 35. Ba5 Ne7 36. Kf1 Ng6 37. Ke2 Nf8 38. h4 Ne6 39. Bb6 Rd5 40. Rc3 Re7 41. Rdc1 Red7 42. R1c2 f5 43. Rc1 Kg6 44. R1c2 Kh5 45. Ra2 Kg4 46. a4 b4 47. Rc4+ Kh5 48. Rd2 b3 49. Rc3 Kg6 50. Rxb3 Nxc5 51. Bxc5 Rxc5 52. Rb6 Ra5 53. Ra2 Rd6 54. Kd2 Kf6 55. Ra3 Ke6 56. Kc3 g5 57. d4 exd4+ 58. exd4 gxh4 59. gxh4 Rad5 60. Rxa6 Rxd4 61. Rxc6 Rd3+ 62. Kb2 Rd2+ 63. Kc1 Rd1+ 64. Kc2 R1d2+ 65. Kc1 R2d4 66. Rxd6+ Kxd6 67. a5 Kc7 68. a6 Kb8 69. h5 Rh4 70. Ra5 Rxh5 71. Kd2 Ka7 72. Ke3 f4+ 73. Kxf4 Rxa5 74. Kg4 Kxa6 75. f4 Kb6 76. f5 Kc7 77. f6 Kd7 78. f7 Ke7 0-1

[Event "Titled Tuesday intern op 05th Sep Early"]
[Site "Chess.com INT"]
[Date "2023.09.05"]
[Round "9"]
[White "Eggleston, Thomas"]
[Black "Smietanska, Wiktoria"]
[Result "1-0"]
[WhiteElo "2188"]
[BlackElo "2071"]
[PlyCount "83"]
[EventDate "2023.09.05"]
[EventType "swiss (blitz)"]
[EventRounds "11"]
[EventCountry "USA"]
[SourceTitle "EXT 2024"]
[Source "ChessBase"]
[SourceDate "2023.10.10"]
[SourceVersion "1"]
[SourceVersionDate "2023.10.10"]
[SourceQuality "1"]

1. e4 c5 2. Nf3 d6 3. Bc4 Nf6 4. d3 e6 5. c3 d5 6. exd5 exd5 7. Bb5+ Bd7 8. Bxd7+ Qxd7 9. d4 c4 10. 0-0 Be7 11. Ne5 Qf5 12. b3 b5 13. a4 bxa4 14. bxc4 dxc4 15. Qxa4+ Nbd7 16. Nc6 Qe6 17. Nxe7 Qxe7 18. Ba3 Qe6 19. Nd2 Qd5 20. Rfe1+ Kd8 21. Be7+ Kc7 22. Nxc4 Nb6 23. Bd6+ Qxd6 24. Qa5 Qc6 25. Re7+ Nfd7 26. Ne5 Qd6 27. Rxf7 Kc8 28. Qa6+ Kd8 29. Rxd7+ Qxd7 30. Nxd7 Kxd7 31. Qb7+ Kd6 32. c4 Rhb8 33. c5+ Ke6 34. Re1+ Kf6 35. Qe7+ Kg6 36. Re6+ Kh5 37. g4+ Kxg4 38. h3+ Kxh3 39. Re3+ Kg4 40. Qe6+ Kg5 41. Rg3+ Kf4 42. Qe5# 1-0